000 01429cam a22004454i 4500
003 PE-LiUPU
005 20250731173543.0
008 150616s r 000 0 d
035 _a(Sirsi) a9104
040 _aPE-LiUPU
_bspa
_cPE-LiUPU
_erda
049 _aPRUA
082 0 4 _a243
_bS78
_221
100 1 _aSpurgeon, Charles Haddon,
_eautor.
245 1 4 _aThe Soul Winner.
264 1 _aGrand Rapids, Michigan :
_bWm. B. Eerdmans Publishing Co.,
_c1978.
300 _a319 páginas ;
_c19 cm.
336 _atext
_2rdacontent
337 _aunmediated
_2rdamedia
338 _avolume
_2rdacarrier
505 0 _aLas ganancias de almas.- Conversión y arrepentimiento del ser humano.
526 _aSEG42
526 _aSEG41
526 _aSEG40
526 _aSEG39
526 _aP94
526 _aP87
526 _aP86
526 _aP85
526 _aP77
526 _aP76
526 _aP35
650 0 4 _aGANANCIA DE ALMAS.
910 _ajck
_bjvq
_cjck
942 _2ddc
_cBOOK
949 _a243 S78
_wDEWEY
_c1
_i42665
_lCCODEBUL1
_mBUL
_p00.00
_r0
_sY
_tBOOK
_u19970225
_xTEOLOGIA
_zUNKNOWN
_0COMPRA
_o.STAFF. Colección General
994 _aC0
_bPEPRU
596 _a1
999 _a243 S78
_wDEWEY
_c60522
_i42665
_f2021-11-11
_g5
_lCCODEBUL1
_mBUL
_r0
_sY
_tBOOK
_u2015-6-16
_xTEOLOGIA
_zUNKNOWN
_0COMPRA
_o.STAFF. Colección General
_d60522
980 _81
_gALBERTO SANCHEZ Responsable de Automatización